| 000 | 00695nab a2200193 4500 | ||
|---|---|---|---|
| 001 | 244442 | ||
| 003 | OSt | ||
| 005 | 20260108135641.0 | ||
| 007 | tu | ||
| 008 | 260108s2020||||||| | ||
| 040 |
_aDE-2950 _cDE-2950 |
||
| 245 | 0 | 0 |
_aStrahlendes Symbol der Weihnachtszeit _bTradition. Heute sind sie eine Selbstverständlichkeit. Doch seit wann gibt es in Frankfurt eigentlich Christbäume? Wie das geschmückte Grün seinen Weg in die Oderstadt fand/ _cRalf-Rüdiger Targiel |
| 264 | _c2025 | ||
| 653 | _aFrankfurt (Oder) | ||
| 653 | _aStadtgeschichte | ||
| 653 | _aWeihnachtsbaum | ||
| 773 | 0 |
_g36. Jahrgang (2025) Nr. 299 vom 24.12.2025, S. 18 mit Foto _tMärkische Oderzeitung |
|
| 942 |
_2z _cA |
||
| 999 |
_c374181 _d374181 |
||